Anime description foireuse #1 - Statistiques

Statistiques générales
  • Ce quiz a été pris 9 629 fois
  • Le résultat moyen est 9 sur 15
Statistiques - réponses
Hint Réponse % Correct
Tout est centré autour d'un dragon qui exauce un vœu grâce à ses boules Dragon Ball
98%
Il y a un gigantesque trésor quelque part et tous les pirates le cherchent One Piece
95%
C'est l'histoire d'un héros sans cheveux dont personne ne peut arrêter sauf un moustique, qui sauve le monde par ennui One Punch Man
95%
Des ninjas se font la guerre Naruto Shippuden
92%
Une compétition de cuisine au bord de l'érotisme Shokugeki no Souma/Food Wars
84%
C'est l'histoire d'un roux avec une grande épée qui navigue entre le monde des morts et des vivants pour tout sauver et protéger les âmes d'autres âmes néfastes qui les consument Bleach
66%
On suit un go muscu sans magie qui infiltre une école de magie Mashle: Magic and Muscle
64%
Un musicien solitaire qui voit gris se sent bien avec une blonde et l'accompagne dans sa carrière musicale Shigatsu wa Kimi no Uso/Your Lie in April
60%
Des chevaliers en armure se battent gâce aux pouvoirs des étoiles Saint Seiya/Les Chevaliers du Zodiaque
53%
Un mec musclé marqué d'une étoile et toute sa descendance sur 4 générations et dans d'autres univers se battent avec des pouvoirs bizarres contre un même ennemi et l'héritage qu'il a laissé JoJo no Kimyou na Bouken/JoJo's Bizarre Adventure
48%
Un mec retourne dans le passé pour élucider 3 meurtres à cause d'un traumatisme d'enfance Boku Dake ga Inai Machi/Erased
45%
Un gars s'occupe d'un bébé démon et règne sur tout le monde dans un lycée de délinquants alors qu'il se fait pourchasser par la famille du bébé Beelzebub
31%
C'est un mec avec des pouvoirs de dragon qui devient un démon pour combattre des anges et des démons et qui est boostés par ses désirs charnels High School DXD
17%
Un mec avec une coupe afro se bat avec ses poils de nez pour empêcher le monde de devenir chauve Bobobo-bo Bo-bobo
5%
Un ado pervers se retrouve embarqué dans des histoires d'anges-robots à forte poitrine Sora no Otoshimono/Heaven's Lost Property
1%
Aucun quiz correspondant
Distribution des résultats
% des personnes avec chaque résultat
Percentile par nombre de réponses
Votre historique - résultats
Vous n’avez pas pris ce quiz